Circuit analysis essentials : (Record no. 6128)

MARC details
000 -LEADER
fixed length control field 00708nam a22002177a 4500
003 - CONTROL NUMBER IDENTIFIER
control field OSt
005 - DATE AND TIME OF LATEST TRANSACTION
control field 20251124155213.0
008 - FIXED-LENGTH DATA ELEMENTS--GENERAL INFORMATION
fixed length control field 251124b |||||||| |||| 00| 0 eng d
020 ## - INTERNATIONAL STANDARD BOOK NUMBER
International Standard Book Number 13 : 978-1-4018-5041-8.
040 ## - CATALOGING SOURCE
Original cataloging agency DWCL-Main lib
Transcribing agency OC
082 ## - DEWEY DECIMAL CLASSIFICATION NUMBER
Classification number Gr. 621.3192 B915c 2006
100 ## - MAIN ENTRY--PERSONAL NAME
Personal name Bryant, James S.
245 ## - TITLE STATEMENT
Title Circuit analysis essentials :
Remainder of title a signal processing approach
Statement of responsibility, etc. Bryant, James S.
260 ## - PUBLICATION, DISTRIBUTION, ETC.
Place of publication, distribution, etc. N. Y. :
Name of publisher, distributor, etc. Thomson Delmar,
Date of publication, distribution, etc. c2006.
300 ## - PHYSICAL DESCRIPTION
Extent xv, 506 pages :
Other physical details illustration ;
Dimensions 28 cm.
504 ## - BIBLIOGRAPHY, ETC. NOTE
Bibliography, etc. note Includes index.
650 ## - SUBJECT ADDED ENTRY--TOPICAL TERM
Source of heading or term 1. Electric Circuit Analysis.
650 ## - SUBJECT ADDED ENTRY--TOPICAL TERM
Source of heading or term 2. Electronic circuit design-Data processing.
650 ## - SUBJECT ADDED ENTRY--TOPICAL TERM
Source of heading or term 3. Signal Processing.
942 ## - ADDED ENTRY ELEMENTS (KOHA)
Source of classification or shelving scheme Dewey Decimal Classification
Koha item type General Reference
Call number prefix Gr.
Suppress in OPAC No
952 ## - LOCATION AND ITEM INFORMATION (KOHA)
--
Holdings
Withdrawn status Lost status Source of classification or shelving scheme Damaged status Not for loan Home library Current library Shelving location Date acquired Source of acquisition Total Checkouts Full call number Barcode Date last seen Copy number Price effective from Koha item type Uniform Resource Identifier
    Dewey Decimal Classification     College Library College Library General Reference 06/23/2008 School Fund   Gr. 621.3192 B915c 2006 CL45957 11/24/2025 c1 11/24/2025 GR